| 000 | 00594nam a2200205 a 4500 | ||
|---|---|---|---|
| 001 | BRL_939 | ||
| 005 | 20190320210948.0 | ||
| 008 | 251013s1981----fr-a#####r---#000-0#fre-# | ||
| 041 | _afre | ||
| 044 | _afr | ||
| 050 | 4 |
_aHD2346.P3 _b.A56 1981 |
|
| 245 | 1 | 0 | _aAnnuaire des Artisans Createurs |
| 260 |
_aParis _bLa Maison des Metiers d´art Francais _c1981 |
||
| 300 |
_asin paginación _bil. _c14 cm. |
||
| 500 | _aAu1001 | ||
| 500 | _aA la cabeza de la cubierta ´Directory of French Craftsmen´ | ||
| 650 | 1 | 4 |
_aArtesanos _vAnuarios _zParis (Francia) _925383 |
| 902 | _aGRL | ||
| 942 |
_2lcc _cB |
||
| 999 |
_c9751 _d9751 |
||